000 00276nam a22001217a 4500
082 _a823
_bDAT/N
100 _aDATTA,DURJOY
245 _aNOW THAT YOU' RE RICH
260 _aHARYANA
_bPENGUIN RANDOM HOUSE GROUP
300 _a218
650 _aNOVEL- ENGLISH
_zINDIA
942 _cBK
999 _c3137
_d3137